E-vel kezdődő országok zászlói - Statistics

General Stats
  • This quiz has been taken 30 times
  • The average score is 9 of 13
Answer Stats
Picture Answer % Correct
Egyesült Államok
95%
Egyesült Királyság
95%
Etiópia
86%
Egyiptom
76%
Észtország
76%
Észak-Korea
71%
Ecuador
67%
Elefántcsontpart
67%
Észak-Macedónia
62%
Egyesült Arab Emírségek
57%
Egyenlítői-Guinea
48%
Eritrea
43%
El Salvador
24%
No matching quizzes found
Score Distribution
Percent of People with Each Score
Percentile by Number Answered
Your Score History
You have not taken this quiz